000 00946nam a22003017a 4500
001 BR7316153
003 BR-BrBNA
005 20230928084322.0
007 ta
008 230509b bl.||||| |||| 00| 0 por d
040 _aBR-BrBNA
_bpor
_cBiblioteca Nacional de Agricultura
041 _a(Por)
072 _aF00; E10; E70
_b0331
_b9590
_b/G514
090 _ 0331 BR7316153
110 1 _aBanco do Brasil S.A., Rio de Janeiro, GB. Carteira de Comercio Exterior
_91107
111 1 _aConcentracao de Produtores de Mamona e de Oleo de Mamona
_cSalvador, BA (Brazil)
_d1 Sep 1955
245 1 _aAnais da concentracao de produtores de mamona e oleo de mamona
260 3 _aRio de Janeiro, GB (Brasil):
_c1955.
300 _a95 p.
650 _aProducao vegetal
650 _aMacroeconomia
650 _aComercializacao
650 _aMamona
650 _aOleo
650 _aExportacao
909 _a202309
_bLucia
_c55
_dLucia Elande
942 _cBK
999 _c18139
_d18139